Catálogo
 En Linea

Moral meditations. / (Registro nro. 53301)

Detalles MARC
000 -CABECERA
campo de control de longitud fija 00750nam a2200217 i 4500
003 - IDENTIFICADOR DEL NÚMERO DE CONTROL
campo de control DO-SdBNP
005 - FECHA Y HORA DE LA ÚLTIMA TRANSACCIÓN
campo de control 20230418150452.0
007 - CAMPO FIJO DE DESCRIPCIÓN FÍSICA--INFORMACIÓN GENERAL
campo de control de longitud fija ta
008 - DATOS DE LONGITUD FIJA--INFORMACIÓN GENERAL
campo de control de longitud fija 230418t1654 dr |||gr|||| 00| e eng d
040 ## - FUENTE DE LA CATALOGACIÓN
Centro catalogador/agencia de origen DO-SdBNP
Lengua de catalogación spa
Centro/agencia transcriptor BNPHU
Normas de descripción rda
041 ## - CÓDIGO DE LENGUA
Código de lengua original eng
082 #4 - NÚMERO DE LA CLASIFICACIÓN DECIMAL DEWEY
Número de edición 22
Número de documento/Ítem M385m
100 1# - ENTRADA PRINCIPAL--NOMBRE DE PERSONA
9 (RLIN) 6223
Nombre de persona Martínez de Trujillo, María
245 10 - MENCIÓN DE TÍTULO
Título Moral meditations. /
Mención de responsabilidad, etc. María Martínez de Trujillo; traducida por René Rastorfer; introducción, José Vasconcelos
264 31 - PRODUCCIÓN, PUBLICACIÓN, DISTRIBUCIÓN, FABRICACIÓN Y COPYRIGHT
Producción, publicación, distribución, fabricación y copyright New York, Estados Unidos de América :
Nombre del de productor, editor, distribuidor, fabricante Caribean Library,
Fecha de producción, publicación, distribución, fabricación o copyright 1954
300 ## - DESCRIPCIÓN FÍSICA
Extensión 106 páginas ;
Dimensiones 20 cm.
590 ## - NOTA LOCAL (RLIN)
Nota local Inventariado 2023 / MF
700 1# - PUNTO DE ACCESO ADICIONAL--NOMBRE DE PERSONA
Nombre de persona Rastorfer, Reném
Término indicativo de función/relación traductor
9 (RLIN) 83282
700 1# - PUNTO DE ACCESO ADICIONAL--NOMBRE DE PERSONA
9 (RLIN) 40296
Nombre de persona Vasconcelos, José,
Fechas asociadas al nombre 1881-1959
Término indicativo de función/relación introducción
942 ## - ELEMENTOS DE PUNTO DE ACCESO ADICIONAL (KOHA)
Fuente del sistema de clasificación o colocación Dewey Decimal Classification
Tipo de ítem Koha Libro
Existencias
Estado de retiro Estado de pérdida Fuente del sistema de clasificación o colocación Restricciones de uso No para préstamo Código de colección Localización permanente Ubicación/localización actual Ubicación en estantería Fecha de adquisición Fuente de adquisición Signatura topográfica completa Código de barras Fecha visto por última vez Precio válido a partir de Tipo de ítem Koha
    Dewey Decimal Classification Excluido de préstamo   Patrimonio Dominicano Raros y Valiosos Biblioteca Nacional Pedro Henríquez Ureña Biblioteca Nacional Pedro Henríquez Ureña En catalogación 18.04.2023 Donado por Germán Emilio Ornes M385m 2023-1437 18.04.2023 18.04.2023 Libro

Con tecnología Koha